El problema del lenguaje religioso: Dios en la filosofía analítica
Uloženo v:
| Hlavní autor: | |
|---|---|
| Médium: | Kniha |
| Jazyk: | španělština |
| Vydáno: |
Madrid
Cristiandad
1976
|
| Témata: | |
| Tagy: |
Přidat tag
Žádné tagy, Buďte první, kdo vytvoří štítek k tomuto záznamu!
|
MARC
| LEADER | 00000nam a2200000 a 4500 | ||
|---|---|---|---|
| 001 | UCS9942 | ||
| 003 | CL-VaPUC | ||
| 008 | 971121e19760000SP |||||||||||||||||spa|d | ||
| 082 | 0 | 4 | |a 153.69 |b ANT |2 21 |
| 100 | 0 | |a Antiseri, Darío |e author |9 395185 | |
| 245 | 1 | 3 | |a El problema del lenguaje religioso: Dios en la filosofía analítica |
| 300 | |a 216 p | ||
| 942 | |c BK | ||
| 945 | |d 19971121 00:00:00 |a aalvarez | ||
| 260 | |a Madrid |b Cristiandad |c 1976 | ||
| 650 | 0 | |a Religión |9 255164 | |
| 650 | 0 | |a Lenguaje |9 265069 | |
| 650 | 7 | |a LENGUAJE RELIGIOSO |2 CL-VaPUC |9 395186 | |
| 583 | |a last modification |c 19971121 00:00:00 |k Rodrigo Vera | ||
| 999 | |c 263608 |d 263606 | ||
| 952 | |0 0 |1 2 |4 0 |6 153_690000000000000_ANT_1976 |7 0 |8 A |9 292961 |a BIBTEO |b BIBTEO |d 2019-11-19 |i 2025051 |o 153.69 ANT 1976 |p 2025051 |r 2019-11-19 |w 2019-11-19 |x Descarte 2019 |y BK |k ICR | ||